| 000 | 00828nam a2200217 a 4500 | ||
|---|---|---|---|
| 001 | 000497674 | ||
| 003 | AM-YEHGA | ||
| 005 | 20260413150515.0 | ||
| 008 | 060809s1908 tu |||||||||||000|0|arm|d | ||
| 040 | _aAM-YEHGA | ||
| 041 | 0 | _aarm | |
| 100 | 1 |
_aՄրմրյան, Հարություն Գևորգի, _d1860-1926 _96948 |
|
| 245 | 1 | 0 |
_aԹուրքահայոց հին վաճառականութիւն եւ վաճառականք : _b1740-1890 / _cՅ.Գ.Մ. |
| 260 |
_aԿ. Պոլիս : _bտպ. Սագաեան, _c1908. |
||
| 300 | _a175 էջ | ||
| 500 | _aՅ.Գ.Մ. = Մրմրյան, Հարություն Գևորգի | ||
| 504 | _aՄատենագիտ. տողատակում | ||
| 650 | 1 | 4 |
_aՊատմություն _zԹուրքիա _91012 |
| 653 | 0 | _aԹուրքիայի հայ վաճառականությունը | |
| 942 |
_2udc _cBK _01 |
||
| 999 |
_c183972 _d183972 |
||